[Event "DSOL 2021"]
[Site "Germany"]
[Date "2021.03.19"]
[Round "6.1"]
[White "Renner, Kai"]
[Black "Carow, Johannes"]
[Result "0-1"]
[WhiteElo "2185"]
[BlackElo "2446"]
[Annotator "NA"]
[PlyCount "70"]
[EventDate "2021.01.18"]
[EventType "team-tourn"]
[EventCountry "GER"]
[SourceTitle "playchess.com"]
[Source "ChessBase"]
[SourceQuality "1"]
[WhiteTeam "Hamelner SV I"]
[BlackTeam "SF Heidesheim I"]

1. e4 c6 2. d4 d5 3. e5 Bf5 4. h4 h5 5. Bd3 Bxd3 6. Qxd3 Qa5+ 7. Nd2 e6 8. Ne2 Qa6 9. c4 Ne7 10. b3 Nf5 11. Ng3 g6 12. Nxf5 gxf5 13. O-O Nd7 14. Qc2 Rg8 15. cxd5 cxd5 16. Nf3 Rg4 17. Bg5 Be7 18. Qd2 Bxg5 19. Nxg5 Qb6 20. Rfd1 Rxh4 21. Nf3 Rg4 22. Qh6 Ke7 23. Qxh5 Rag8 24. Nh2 Rxg2+ 25. Kh1 Qd8 26. Rd3 Qf8 27. Rc1 Qg7 28. Qh4+ Qg5 29. Qxg5+ R2xg5 30. Rh3 Rg2 31. Rf1 Nb8 32. Nf3 Nc6 33. a3 R2g4 34. Rd1 a6 35. Rh4 Rxh4+ 0-1

[Event "DSOL 2021"]
[Site "Germany"]
[Date "2021.03.15"]
[Round "6.1"]
[White "Naegele, Thomas"]
[Black "Basey, Matthew"]
[Result "0-1"]
[WhiteElo "2183"]
[BlackElo "1922"]
[Annotator "TA"]
[PlyCount "96"]
[EventDate "2021.01.18"]
[EventType "team-tourn"]
[EventCountry "GER"]
[SourceTitle "playchess.com"]
[Source "ChessBase"]
[SourceQuality "1"]

1. e4 e6 2. d4 d5 3. Nd2 c5 4. exd5 Qxd5 5. Ngf3 cxd4 6. Bc4 Qd6 7. O-O Nf6 8. Nb3 Nc6 9. Nbxd4 Nxd4 10. Nxd4 Be7 11. c3 O-O 12. Qe2 a6 13. Bb3 Bd7 14. Bg5 Rfd8 15. Rad1 Qc5 16. Bf4 Rac8 17. Rfe1 Bc6 18. Nxe6 Rxd1 19. Rxd1 Qh5 20. Qxh5 Nxh5 21. Be3 Re8 22. Ng5 Bxg5 23. Bxg5 h6 24. Be3 Nf6 25. h3 Nd7 26. Kf1 Ne5 27. Rd4 Bb5+ 28. c4 Bc6 29. Bf4 Ng6 30. Bd6 Ne7 31. g4 Nc8 32. Bc7 Ne7 33. c5 Ng6 34. Rd8 Rxd8 35. Bxd8 Nf4 36. Bc4 Nxh3 37. Bc7 Ng5 38. b4 Ne4 39. Ke2 Nc3+ 40. Kd2 Nd5 41. Ba5 Nf6 42. Be2 Nd5 43. a3 Ba4 44. Bf3 Bc6 45. Bd1 Nf6 46. Ke3 Bd7 47. f3 Kf8 48. Bc7 Nd5+ 0-1

[Event "DSOL 2021"]
[Site "Germany"]
[Date "2021.03.15"]
[Round "6.1"]
[White "Lesny, Florian"]
[Black "Risius, Philipp"]
[Result "1/2-1/2"]
[WhiteElo "2180"]
[BlackElo "1967"]
[Annotator "TA"]
[PlyCount "68"]
[EventDate "2021.01.18"]
[EventType "team-tourn"]
[EventCountry "GER"]
[SourceTitle "playchess.com"]
[Source "ChessBase"]
[SourceQuality "1"]

1. e4 e5 2. Nf3 Nf6 3. Nxe5 d6 4. Nf3 Nxe4 5. d4 d5 6. Bd3 Nc6 7. O-O Be7 8. Re1 Bg4 9. Bxe4 dxe4 10. Rxe4 Bxf3 11. Qxf3 Nxd4 12. Qd3 Ne6 13. Qxd8+ Rxd8 14. Nc3 Bf6 15. Be3 Bxc3 16. bxc3 O-O 17. Kf1 Rd6 18. a4 b6 19. a5 f5 20. Rb4 c5 21. Rbb1 f4 22. Bc1 Rd1+ 23. Ke2 Rh1 24. axb6 axb6 25. Rxb6 f3+ 26. gxf3 Nf4+ 27. Bxf4 Rxa1 28. Be3 Rc8 29. Rb5 Rh1 30. Bf4 Kf7 31. Kd3 c4+ 32. Ke4 Re1+ 33. Be3 Rc7 34. Kd5 Re2 1/2-1/2

[Event "DSOL 2021"]
[Site "Germany"]
[Date "2021.03.15"]
[Round "6.1"]
[White "Volkmer, Andreas"]
[Black "Baerwolf, Steven"]
[Result "1-0"]
[WhiteElo "2175"]
[BlackElo "2241"]
[Annotator "TA"]
[PlyCount "99"]
[EventDate "2021.01.18"]
[EventType "team-tourn"]
[EventCountry "GER"]
[SourceTitle "playchess.com"]
[Source "ChessBase"]
[SourceQuality "1"]

1. e4 d6 2. d4 Nf6 3. Nc3 Nbd7 4. f4 e5 5. Nf3 exd4 6. Qxd4 c6 7. Be3 d5 8. e5 Ng4 9. Bg1 Bc5 10. Qd2 O-O 11. Nd4 Bxd4 12. Qxd4 b5 13. Be2 Bb7 14. O-O-O Nh6 15. Qd2 b4 16. Ne4 Qa5 17. Nd6 Qxa2 18. Qxb4 Ba6 19. Bxa6 Qa1+ 20. Kd2 Qxa6 21. Qa3 Qxa3 22. bxa3 g6 23. Rb1 Rfb8 24. Rxb8+ Rxb8 25. Bxa7 Ra8 26. Be3 Rxa3 27. h3 c5 28. Rb1 d4 29. Bf2 Ra7 30. g4 Kf8 31. Bh4 Ng8 32. Rb5 h6 33. Ne4 g5 34. Bg3 Ra3 35. Rb7 gxf4 36. Bxf4 Rf3 37. Rxd7 Rxf4 38. Nxc5 Rf3 39. h4 Rf4 40. e6 Ne7 41. Rd8+ Kg7 42. Rd7 Kf8 43. Rd8+ Kg7 44. Re8 Nd5 45. e7 Kf6 46. g5+ hxg5 47. hxg5+ Kf5 48. g6 Rf2+ 49. Ke1 Rxc2 50. gxf7 1-0

[Event "DSOL 2021"]
[Site "Germany"]
[Date "2021.03.16"]
[Round "6.1"]
[White "Boos, Markus"]
[Black "Strohmeyer, Jochen"]
[Result "0-1"]
[WhiteElo "2169"]
[BlackElo "2192"]
[Annotator "RC"]
[PlyCount "142"]
[EventDate "2021.01.18"]
[EventType "team-tourn"]
[EventCountry "GER"]
[SourceTitle "playchess.com"]
[Source "ChessBase"]
[SourceQuality "1"]

1. d4 Nf6 2. c4 g6 3. g3 c6 4. Nf3 Bg7 5. Bg2 O-O 6. O-O d5 7. b3 Bf5 8. Bb2 Qc8 9. Nbd2 Bh3 10. Qc2 Bxg2 11. Kxg2 Qf5 12. Qxf5 gxf5 13. b4 Nbd7 14. Rfc1 Rfd8 15. a4 a6 16. Ra3 dxc4 17. Nxc4 Nd5 18. Rb3 N7b6 19. Na5 Nxa4 20. Nxb7 Rdb8 21. Na5 Rxb4 22. Rxb4 Nxb4 23. Ba3 Nd5 24. Rxc6 e6 25. Ne5 Bf8 26. Bxf8 Kxf8 27. f3 Nac3 28. Kf2 Nd1+ 29. Ke1 N1e3 30. Kd2 Nf1+ 31. Kc1 Nxh2 32. Nd7+ Kg7 33. Nc5 h5 34. e4 fxe4 35. fxe4 Nf6 36. Rc7 Kg8 37. Nab7 Nf1 38. Nd6 Ne8 39. Rxf7 Nxg3 40. Re7 Nxd6 41. Rxe6 Ngxe4 42. Nxe4 Nxe4 43. Rxe4 Kf7 44. Kd2 a5 45. Kc3 a4 46. Kb2 a3+ 47. Ka2 Ra5 48. d5 Rxd5 49. Kxa3 Rb5 50. Ka4 Rb7 51. Ka5 Kf6 52. Ka6 Rb8 53. Ka7 Rb3 54. Rc4 Kf5 55. Ka6 Kg5 56. Ka5 Rb8 57. Rc5+ Kg4 58. Rc4+ Kf3 59. Rc3+ Ke4 60. Rc5 Rh8 61. Kb4 h4 62. Rc4+ Kd3 63. Rc3+ Kd2 64. Rh3 Ke2 65. Kc4 Kf2 66. Kd4 Kg2 67. Ra3 h3 68. Ra2+ Kg3 69. Ra3+ Kf4 70. Ra1 Rd8+ 71. Kc3 h2 0-1

[Event "DSOL 2021"]
[Site "Germany"]
[Date "2021.03.18"]
[Round "6.1"]
[White "Fahland, Matthias"]
[Black "Linseisen, Stefan"]
[Result "1/2-1/2"]
[WhiteElo "2168"]
[BlackElo "2047"]
[Annotator "TA"]
[PlyCount "65"]
[EventDate "2021.01.18"]
[EventType "team-tourn"]
[EventCountry "GER"]
[SourceTitle "playchess.com"]
[Source "ChessBase"]
[SourceQuality "1"]

1. e4 g6 2. d4 Bg7 3. Nc3 c6 4. f4 d5 5. e5 a5 6. a4 Na6 7. Be3 h5 8. Be2 Nh6 9. Nf3 Bf5 10. h3 Qd7 11. Bf2 Nc7 12. Qd2 b6 13. Nd1 Be4 14. Rg1 f6 15. Nh4 Nf7 16. g4 hxg4 17. Bxg4 e6 18. Nc3 g5 19. Nxe4 dxe4 20. fxg5 fxg5 21. Ng2 O-O-O 22. O-O-O c5 23. b3 cxd4 24. Qxd4 Nxe5 25. Qxb6 Qe7 26. Bc5 Qf6 27. Bd4 Rxd4 28. Rxd4 Nd3+ 29. cxd3 Qxd4 30. Qxd4 Bxd4 31. Re1 exd3 32. Kd2 Rd8 33. Bxe6+ 1/2-1/2

[Event "DSOL 2021"]
[Site "Germany"]
[Date "2021.03.19"]
[Round "6.1"]
[White "Schroeder, Christoph"]
[Black "Agopov, Mikael"]
[Result "1/2-1/2"]
[WhiteElo "2166"]
[BlackElo "2427"]
[Annotator "NA"]
[PlyCount "47"]
[EventDate "2021.01.18"]
[EventType "team-tourn"]
[EventCountry "GER"]
[SourceTitle "playchess.com"]
[Source "ChessBase"]
[SourceQuality "1"]
[WhiteTeam "SK Johanneum Eppendorf I"]
[BlackTeam "SF Berlin I"]

1. e4 c5 2. Nf3 d6 3. d4 cxd4 4. Nxd4 Nf6 5. Nc3 a6 6. Bg5 Nbd7 7. Qe2 h6 8. Bh4 g6 9. f4 e5 10. fxe5 dxe5 11. O-O-O Qc7 12. Nb3 b5 13. Rxd7 Nxd7 14. Nd5 Qd6 15. Na5 Nb6 16. Nf6+ Ke7 17. Qf3 g5 18. Be1 g4 19. Nxg4 Bxg4 20. Qxg4 h5 21. Qf3 Qe6 22. Kb1 Qg4 23. Nc6+ Ke8 24. Nxe5 1/2-1/2

[Event "DSOL 2021"]
[Site "Germany"]
[Date "2021.03.18"]
[Round "6.1"]
[White "Perestjuk, Marko"]
[Black "Edouard, Romain"]
[Result "1-0"]
[WhiteElo "2160"]
[BlackElo "2611"]
[Annotator "TA"]
[PlyCount "83"]
[EventDate "2021.01.18"]
[EventType "team-tourn"]
[EventCountry "GER"]
[SourceTitle "playchess.com"]
[Source "ChessBase"]
[SourceQuality "1"]

1. e4 c5 2. Nf3 d6 3. Bb5+ Nd7 4. d4 cxd4 5. Qxd4 a6 6. Bxd7+ Qxd7 7. O-O e5 8. Qd3 f5 9. Nc3 Nf6 10. Bg5 fxe4 11. Nxe4 Nxe4 12. Qxe4 h6 13. Bd2 Qf5 14. Qe2 Be7 15. Bb4 Qg4 16. Ba3 Be6 17. Rfd1 O-O-O 18. Qe3 Rd7 19. Qa7 Rhd8 20. Rd3 e4 21. Rc3+ Rc7 22. Rxc7+ Kxc7 23. Nd4 Bd5 24. Bb4 Rc8 25. c4 Bxc4 26. Rc1 Kd7 27. Qxb7+ Rc7 28. Qb6 Qf4 29. Re1 Bf6 30. b3 Bd3 31. Qxc7+ Ke8 32. Ne6 Qg4 33. Qxd6 a5 34. Qf8+ Kd7 35. Qd6+ Ke8 36. Bc5 Qh5 37. Qf8+ Kd7 38. Qd6+ Ke8 39. Qxd3 Be5 40. Qh3 Qg6 41. Nd4 Kf7 42. Qf5+ 1-0

[Event "DSOL 2021"]
[Site "Germany"]
[Date "2021.03.19"]
[Round "6.1"]
[White "Eilenberg, Jonas"]
[Black "Mayrhuber, Nikola"]
[Result "1-0"]
[WhiteElo "2155"]
[BlackElo "2013"]
[Annotator "NA"]
[PlyCount "49"]
[EventDate "2021.01.18"]
[EventType "team-tourn"]
[EventCountry "GER"]
[SourceTitle "playchess.com"]
[Source "ChessBase"]
[SourceQuality "1"]
[WhiteTeam "SV Königsjäger SW I"]
[BlackTeam "Bayern München II Amazonen"]

1. d4 e6 2. c4 Nf6 3. Nc3 Bb4 4. Bd2 O-O 5. e3 d5 6. Nf3 a6 7. cxd5 Nxd5 8. Bd3 h6 9. O-O Qe7 10. e4 Nxc3 11. bxc3 Ba5 12. Qe2 c5 13. e5 f5 14. exf6 Qxf6 15. Qe4 Nc6 16. Qh7+ Kf7 17. Ne5+ Nxe5 18. dxe5 Qxe5 19. Bg6+ Ke7 20. Rae1 Qf6 21. Bxh6 Bxc3 22. Re3 Bd7 23. Rxc3 Rh8 24. Bxg7 Qxc3 25. Bxh8+ 1-0

[Event "DSOL 2021"]
[Site "Germany"]
[Date "2021.03.16"]
[Round "6.1"]
[White "Schmidt, Alexander"]
[Black "Raka, Ramadan"]
[Result "1-0"]
[WhiteElo "2152"]
[BlackElo "2108"]
[Annotator "TA"]
[PlyCount "121"]
[EventDate "2021.01.18"]
[EventType "team-tourn"]
[EventCountry "GER"]
[SourceTitle "playchess.com"]
[Source "ChessBase"]
[SourceQuality "1"]

1. Nc3 d5 2. e4 c6 3. Nf3 e6 4. d4 a6 5. Bd3 b5 6. a3 Bb7 7. O-O Nf6 8. e5 Ng8 9. Ng5 g6 10. Qf3 Qd7 11. b4 a5 12. bxa5 Rxa5 13. Ne2 h6 14. Nxe6 fxe6 15. Bxg6+ Kd8 16. Qxf8+ Kc7 17. Bd2 Ra8 18. Bb4 c5 19. Qxc5+ Nc6 20. Qd6+ Qxd6 21. Bxd6+ Kd7 22. c3 Nge7 23. Bd3 Ba6 24. Rab1 Nf5 25. Bxf5 exf5 26. Rfe1 Nd8 27. Nf4 Kc6 28. Re3 Bc8 29. Rg3 Ne6 30. Nxe6 Bxe6 31. Rg6 Rae8 32. Rg7 Bd7 33. Rb4 Rhg8 34. Rxg8 Rxg8 35. a4 bxa4 36. Rxa4 h5 37. Ra5 Kb6 38. Bb4 Bb5 39. f3 Rc8 40. Kf2 Rg8 41. e6 Re8 42. e7 h4 43. g3 hxg3+ 44. hxg3 Rh8 45. Ke3 Bc6 46. Kf4 Re8 47. Kxf5 Rxe7 48. Bxe7 Kxa5 49. Ke6 Kb5 50. f4 Kc4 51. Bb4 Bb7 52. f5 Bc8+ 53. Ke5 Bd7 54. f6 Be8 55. g4 Bf7 56. Kd6 Kd3 57. Ke7 Bg6 58. g5 Ke4 59. f7 Bxf7 60. Kxf7 Kf5 61. g6 1-0

[Event "DSOL 2021"]
[Site "Germany"]
[Date "2021.03.17"]
[Round "6.1"]
[White "Kraemer, Stefan"]
[Black "Nolte, Gerhard"]
[Result "0-1"]
[WhiteElo "2149"]
[BlackElo "1676"]
[Annotator "NA"]
[PlyCount "98"]
[EventDate "2021.01.18"]
[EventType "team-tourn"]
[EventCountry "GER"]
[SourceTitle "playchess.com"]
[Source "ChessBase"]
[SourceQuality "1"]

1. e4 d5 2. exd5 Qxd5 3. Nc3 Qa5 4. Bc4 c6 5. d3 Nf6 6. Nge2 Nbd7 7. O-O e6 8. Bf4 Be7 9. Ng3 O-O 10. Re1 Nd5 11. Bd2 Qd8 12. d4 Bf6 13. Nce2 c5 14. c3 cxd4 15. Nxd4 N7b6 16. Bd3 g6 17. Bh6 Bg7 18. Qd2 Re8 19. Bxg7 Kxg7 20. Rad1 e5 21. Nf3 Qc7 22. Bb5 Re7 23. c4 Nf4 24. Qc3 f6 25. c5 Nbd5 26. Qb3 Bg4 27. Rxd5 Nxd5 28. Qxd5 Bxf3 29. Qxf3 Qa5 30. Qe2 Rd8 31. Ne4 f5 32. Nc3 a6 33. Bc4 Qxc5 34. Bb3 e4 35. g3 Red7 36. Rd1 Rxd1+ 37. Nxd1 b5 38. Qe3 Rd4 39. Qf4 a5 40. Ne3 a4 41. Be6 Kf6 42. Bg8 Kg7 43. Be6 Qd6 44. Qxd6 Rxd6 45. Bc8 Kf6 46. Kf1 Rd2 47. Ba6 Rxb2 48. Bxb5 Rxa2 49. Nc4 a3 0-1

[Event "DSOL 2021"]
[Site "Germany"]
[Date "2021.03.17"]
[Round "6.1"]
[White "Maksimovic, Marko"]
[Black "Friedel, Marcus"]
[Result "1/2-1/2"]
[WhiteElo "2144"]
[BlackElo "2124"]
[Annotator "TA"]
[PlyCount "35"]
[EventDate "2021.01.18"]
[EventType "team-tourn"]
[EventCountry "GER"]
[SourceTitle "playchess.com"]
[Source "ChessBase"]
[SourceQuality "1"]

1. Nf3 d6 2. d4 Nf6 3. c4 Nbd7 4. Nc3 e5 5. d5 Be7 6. e4 O-O 7. Be2 c6 8. O-O a6 9. Ne1 cxd5 10. cxd5 b5 11. b4 Nb6 12. Be3 Bd7 13. Rc1 Qb8 14. g4 Rc8 15. g5 Rxc3 16. Rxc3 Nxe4 17. Rc1 Nxg5 18. Ng2 1/2-1/2

[Event "DSOL 2021"]
[Site "Germany"]
[Date "2021.03.18"]
[Round "6.1"]
[White "Buring, Matthias"]
[Black "Weise, Martin"]
[Result "0-1"]
[WhiteElo "2127"]
[BlackElo "2090"]
[Annotator "RC"]
[PlyCount "74"]
[EventDate "2021.01.18"]
[EventType "team-tourn"]
[EventCountry "GER"]
[SourceTitle "playchess.com"]
[Source "ChessBase"]
[SourceQuality "1"]

1. d4 e6 2. c4 Bb4+ 3. Nc3 d5 4. Nf3 Nf6 5. a3 Bxc3+ 6. bxc3 c6 7. Bg5 dxc4 8. Qc2 Qa5 9. Bxf6 gxf6 10. Nd2 b5 11. g3 Nd7 12. Bg2 Bb7 13. O-O Qc7 14. a4 a6 15. Rfb1 Ke7 16. Qb2 Rhb8 17. Ne4 Kf8 18. Qa3+ Kg7 19. f4 c5 20. e3 b4 21. cxb4 cxd4 22. exd4 f5 23. Nc5 Bxg2 24. Kxg2 Nf6 25. Re1 Qc6+ 26. Kh3 Nd5 27. Rab1 Kh8 28. b5 axb5 29. axb5 Nxf4+ 30. Kh4 Qg2 31. Qb2 Qh3+ 32. Kg5 Qg4+ 33. Kf6 Qg7+ 34. Ke7 Nd5+ 35. Kd7 Rd8+ 36. Kc6 Rac8+ 37. Kb7 Rc7+ 0-1

[Event "DSOL 2021"]
[Site "Germany"]
[Date "2021.03.17"]
[Round "6.1"]
[White "Royal, Shreyas"]
[Black "Boder, Jan"]
[Result "1/2-1/2"]
[WhiteElo "2121"]
[BlackElo "2146"]
[Annotator "TA"]
[PlyCount "72"]
[EventDate "2021.01.18"]
[EventType "team-tourn"]
[EventCountry "GER"]
[SourceTitle "playchess.com"]
[Source "ChessBase"]
[SourceQuality "1"]

1. d4 Nf6 2. c4 c5 3. d5 b5 4. Nf3 g6 5. cxb5 a6 6. b6 d6 7. Nc3 Bg7 8. e4 O-O 9. Be2 Nbd7 10. a4 a5 11. O-O Ba6 12. Bb5 Bxb5 13. axb5 Qxb6 14. Nd2 Rfb8 15. Nc4 Qc7 16. Bd2 Ne8 17. Qb3 Ne5 18. Na4 Nxc4 19. Qxc4 Nf6 20. Ra3 Nd7 21. Rfa1 Nb6 22. Nxb6 Qxb6 23. Rb3 Ra7 24. Ra4 Bd4 25. Bc3 Bf6 26. f4 Bxc3 27. bxc3 Rc7 28. Kf1 h5 29. Qe2 c4 30. Rxc4 Rxc4 31. Qxc4 Qe3 32. g3 Qf3+ 33. Kg1 h4 34. gxh4 Qg4+ 35. Kh1 Qf3+ 36. Kg1 Qxf4 1/2-1/2

[Event "DSOL 2021"]
[Site "Germany"]
[Date "2021.03.18"]
[Round "6.1"]
[White "Leidorf, Sebastian"]
[Black "Gauer, Manuel"]
[Result "1/2-1/2"]
[WhiteElo "2118"]
[BlackElo "1963"]
[Annotator "TA"]
[PlyCount "77"]
[EventDate "2021.01.18"]
[EventType "team-tourn"]
[EventCountry "GER"]
[SourceTitle "playchess.com"]
[Source "ChessBase"]
[SourceQuality "1"]

1. c4 c5 2. g3 Nc6 3. Bg2 g6 4. Nc3 Bg7 5. Nf3 d6 6. O-O e6 7. a3 Nge7 8. Rb1 O-O 9. b4 b6 10. e3 Bb7 11. Qb3 Rc8 12. Rd1 d5 13. d3 Ba8 14. cxd5 cxb4 15. axb4 Nxb4 16. Qxb4 Rxc3 17. dxe6 Rxd3 18. Rxd3 Qxd3 19. Ne1 Qc3 20. exf7+ Kxf7 21. Qf4+ Kg8 22. Bb2 Rxf4 23. Bxc3 Rf8 24. Bxg7 Kxg7 25. Nc2 Bxg2 26. Kxg2 Kf6 27. e4 Ke5 28. f4+ Kxe4 29. Re1+ Kd3 30. Rxe7 Kxc2 31. Rxa7 Rb8 32. Rxh7 b5 33. Rh6 b4 34. Rxg6 b3 35. Rc6+ Kd2 36. Rd6+ Kc2 37. Rc6+ Kd2 38. Rd6+ Kc2 39. Rc6+ 1/2-1/2

[Event "DSOL 2021"]
[Site "Germany"]
[Date "2021.03.18"]
[Round "6.1"]
[White "Matthey, Harald"]
[Black "Laux, Dominik"]
[Result "0-1"]
[WhiteElo "2104"]
[BlackElo "2085"]
[Annotator "RC"]
[PlyCount "46"]
[EventDate "2021.01.18"]
[EventType "team-tourn"]
[EventCountry "GER"]
[SourceTitle "playchess.com"]
[Source "ChessBase"]
[SourceQuality "1"]

1. Nf3 d5 2. g3 Nf6 3. Bg2 e6 4. O-O Be7 5. c4 O-O 6. Qc2 b6 7. d3 Bb7 8. cxd5 exd5 9. Nc3 c5 10. d4 Nc6 11. Rd1 Rc8 12. Bh3 Nxd4 13. Nxd4 cxd4 14. Bxc8 Qxc8 15. Rxd4 Bc5 16. Rh4 d4 17. e4 dxc3 18. b4 Bd4 19. b5 Ng4 20. Ba3 Bxf2+ 21. Kh1 Re8 22. Rxg4 Qxg4 23. Qxf2 Qxe4+ 0-1

[Event "DSOL 2021"]
[Site "Germany"]
[Date "2021.03.15"]
[Round "6.1"]
[White "Guelke, Volker"]
[Black "Korten, Lando"]
[Result "0-1"]
[WhiteElo "2100"]
[BlackElo "2132"]
[Annotator "TA"]
[PlyCount "126"]
[EventDate "2021.01.18"]
[EventType "team-tourn"]
[EventCountry "GER"]
[SourceTitle "playchess.com"]
[Source "ChessBase"]
[SourceQuality "1"]

1. e4 c5 2. Be2 d6 3. f4 Nc6 4. d3 g6 5. Nf3 Bg7 6. O-O Nf6 7. c3 O-O 8. Kh1 c4 9. Na3 cxd3 10. Bxd3 d5 11. e5 Ne4 12. Be3 f6 13. Qb3 Na5 14. Qc2 Bf5 15. Rad1 Qc8 16. Bd4 Nc6 17. Qb3 fxe5 18. Nxe5 e6 19. Nb5 Bxe5 20. Bxe4 Bg4 21. Bf3 Bxf3 22. Rxf3 Bxf4 23. Rdf1 Bh6 24. Nd6 Qd7 25. Nf7 Bg7 26. Bxg7 Kxg7 27. Qd1 Rae8 28. b4 d4 29. b5 Nd8 30. Nxd8 Rxd8 31. cxd4 Qxb5 32. h3 Qd5 33. Rxf8 Rxf8 34. Rxf8 Kxf8 35. Qa4 a6 36. Qb4+ Kf7 37. a4 b5 38. axb5 Qxb5 39. Qd6 h5 40. Qc7+ Ke8 41. Qc8+ Ke7 42. Qc7+ Qd7 43. Qe5 Kf7 44. Qc5 Qd5 45. Qa7+ Kf6 46. Qxa6 Qxd4 47. Qf1+ Kg5 48. Qf7 Qf6 49. Qd7 e5 50. Kg1 e4 51. Qd5+ Qf5 52. Qd4 Qe6 53. Qe3+ Kf6 54. Kh1 g5 55. h4 gxh4 56. Qh6+ Ke5 57. Qxh5+ Qf5 58. Qxh4 Qf1+ 59. Kh2 Qf4+ 60. Qg3 Kf5 61. Kh3 Qh6+ 62. Qh4 Qxh4+ 63. Kxh4 Kf4 0-1

[Event "DSOL 2021"]
[Site "Germany"]
[Date "2021.03.18"]
[Round "6.1"]
[White "Krueger, Wolfgang"]
[Black "Ahlberg, Matthias"]
[Result "0-1"]
[WhiteElo "2088"]
[BlackElo "2207"]
[Annotator "TA"]
[PlyCount "116"]
[EventDate "2021.01.18"]
[EventType "team-tourn"]
[EventCountry "GER"]
[SourceTitle "playchess.com"]
[Source "ChessBase"]
[SourceQuality "1"]

1. d4 c6 2. c3 d5 3. Bf4 g6 4. h4 h5 5. Nf3 Bh6 6. Bxh6 Nxh6 7. Ne5 Bf5 8. Qb3 Qb6 9. Nd2 f6 10. Nd3 Nd7 11. f3 Bxd3 12. exd3 Kf7 13. O-O-O a5 14. Qxb6 Nxb6 15. Re1 Nf5 16. Rh3 Nd7 17. Be2 b5 18. Nf1 b4 19. Kc2 Rab8 20. a3 Rb7 21. axb4 axb4 22. Rc1 Ra8 23. g4 Ng7 24. Ne3 Ra2 25. Kb3 Rba7 26. cxb4 Ne6 27. Nc2 R2a6 28. Rhh1 Rb6 29. Kc3 Nf4 30. Kd2 Ra2 31. Rb1 Nb8 32. Ke3 Ne6 33. gxh5 gxh5 34. f4 Ng7 35. Kd2 Na6 36. Kc3 Nc7 37. Kb3 Ra8 38. Ra1 Rab8 39. Kc3 Nb5+ 40. Kd2 Rh8 41. Ra5 Nf5 42. Rc1 Kg6 43. Rg1+ Kh6 44. Rg2 Nbxd4 45. Nxd4 Nxd4 46. Kc3 Nb5+ 47. Kd2 Rhb8 48. Ra1 Nd6 49. Rag1 Rxb4 50. Rg6+ Kh7 51. Rg7+ Kh8 52. R7g6 Nf5 53. Bxh5 Rxb2+ 54. Ke1 Rb1+ 55. Bd1 R8b2 56. Rg8+ Kh7 57. Re8 Rxd1+ 58. Kxd1 Rb1+ 0-1

[Event "DSOL 2021"]
[Site "Germany"]
[Date "2021.03.19"]
[Round "6.1"]
[White "Lieberwirth, Kasimir"]
[Black "Staeblein, Christoph"]
[Result "1-0"]
[WhiteElo "2074"]
[BlackElo "1801"]
[Annotator "ChessBase"]
[PlyCount "169"]
[EventDate "2021.01.18"]
[EventType "team-tourn"]
[EventCountry "GER"]
[SourceTitle "playchess.com"]
[Source "ChessBase"]
[SourceQuality "1"]
[WhiteTeam "SG Turm Leipzig I"]
[BlackTeam "Lübecker SV"]

1. e4 e6 2. d4 d5 3. Bd3 dxe4 4. Bxe4 Nf6 5. Bf3 c5 6. Ne2 Nc6 7. Be3 e5 8. Bxc6+ bxc6 9. dxe5 Qxd1+ 10. Kxd1 Ng4 11. Nd2 Be7 12. Nf3 Bf5 13. Rc1 Be4 14. Ng3 Bxf3+ 15. gxf3 Nxe5 16. Nf5 O-O-O+ 17. Ke2 Bf6 18. Rcd1 Nc4 19. b3 Nxe3 20. fxe3 Kc7 21. Rhg1 g6 22. Ng3 Be7 23. Ne4 Rd5 24. Nd2 Rh5 25. Rg2 Rd8 26. Rh1 Bf6 27. Nc4 Bc3 28. Rd1 Rhd5 29. Rd3 Bf6 30. Rg4 Rh5 31. Rg2 Rhd5 32. e4 Rd4 33. Rg1 Rxd3 34. cxd3 Bd4 35. Rg3 Re8 36. f4 Bf6 37. e5 Be7 38. Re3 Bf8 39. Re4 Kd7 40. Nd2 Ke6 41. Ra4 Ra8 42. Ra6 Kd5 43. Ne4 Be7 44. Ke3 Bd8 45. Nc3+ Ke6 46. Rxc6+ Kf5 47. Kf3 g5 48. Nb5 gxf4 49. Nd6+ Kxe5 50. Nxf7+ Kf5 51. Rxc5+ Kf6 52. Nxd8 Rxd8 53. Kxf4 Rxd3 54. Rc6+ Kg7 55. Rc7+ Kg6 56. Rxa7 Rh3 57. Kg4 Rxh2 58. b4 h5+ 59. Kg3 Rb2 60. a3 Kf5 61. Ra5+ Ke4 62. b5 Kd5 63. a4 Kc5 64. Ra6 Ra2 65. b6 Kc6 66. a5 Ra4 67. Ra7 Rg4+ 68. Kh3 Rb4 69. Rc7+ Kb5 70. Ra7 Kc6 71. Kg3 Rg4+ 72. Kf3 Rb4 73. Kf2 Rb3 74. Rh7 Rb5 75. Rc7+ Kd6 76. Ra7 Kc6 77. Kg3 Rb4 78. Kh3 Rb1 79. Kh4 Rh1+ 80. Kg5 h4 81. b7 Kc7 82. a6 h3 83. Ra8 Rb1 84. Rc8+ Kd7 85. b8=Q 1-0

[Event "DSOL 2021"]
[Site "Germany"]
[Date "2021.03.18"]
[Round "6.1"]
[White "Gallasch, Robin"]
[Black "Figura, Atila Gajo"]
[Result "0-1"]
[WhiteElo "2067"]
[BlackElo "2376"]
[Annotator "TA"]
[PlyCount "70"]
[EventDate "2021.01.18"]
[EventType "team-tourn"]
[EventCountry "GER"]
[SourceTitle "playchess.com"]
[Source "ChessBase"]
[SourceQuality "1"]

1. d4 Nf6 2. c4 e6 3. Nf3 d5 4. Nc3 dxc4 5. e4 b5 6. e5 Nd5 7. Nxb5 Nb6 8. Be2 Nc6 9. O-O Be7 10. Nc3 O-O 11. Be3 Bb7 12. Na4 Na5 13. Rc1 Rb8 14. Qc2 Nd5 15. a3 Bc6 16. Nc3 Nxe3 17. fxe3 Bg5 18. Nd1 Bd5 19. Nd2 c5 20. dxc5 Rc8 21. Qc3 Be7 22. Nf2 Bxc5 23. Nfe4 Bb6 24. Nd6 Qg5 25. Nf3 Qxe3+ 26. Qxe3 Bxe3+ 27. Kh1 Bxc1 28. Nxc8 Bxb2 29. Ne7+ Kh8 30. Ng5 f6 31. Bh5 c3 32. Nf7+ Rxf7 33. Bxf7 c2 34. Nxd5 exd5 35. e6 Nc6 0-1

[Event "DSOL 2021"]
[Site "Germany"]
[Date "2021.03.18"]
[Round "6.1"]
[White "Khachatryan, Taron"]
[Black "Holtel, Jasper"]
[Result "1/2-1/2"]
[WhiteElo "2056"]
[BlackElo "2305"]
[Annotator "TA"]
[PlyCount "120"]
[EventDate "2021.01.18"]
[EventType "team-tourn"]
[EventCountry "GER"]
[SourceTitle "playchess.com"]
[Source "ChessBase"]
[SourceQuality "1"]

1. e4 Nf6 2. e5 Nd5 3. d4 d6 4. c4 Nb6 5. Nf3 g6 6. exd6 cxd6 7. Nc3 Bg7 8. Be3 O-O 9. Be2 Nc6 10. O-O Bg4 11. b3 d5 12. c5 Nc8 13. Rb1 e6 14. b4 a6 15. a4 N8e7 16. b5 axb5 17. axb5 Na5 18. Nd2 Bxe2 19. Qxe2 Nf5 20. Qd3 e5 21. Ne2 Qh4 22. dxe5 Nc4 23. g3 Qe7 24. Bd4 Nxe5 25. Bxe5 Qxe5 26. Nf4 Rfd8 27. Rfd1 Rac8 28. Nb3 d4 29. Na5 Qc7 30. b6 Qd7 31. Qb5 Ne7 32. Qxd7 Rxd7 33. Nb3 Nc6 34. Kg2 Re8 35. Nd3 Bf6 36. Nd2 Kg7 37. Nc4 Red8 38. Rb5 Rd5 39. Nf4 R5d7 40. Nd3 Rd5 41. Na5 Nxa5 42. Rxa5 Be7 43. Rc1 h5 44. h4 Bf8 45. Ra7 Rb8 46. Kf3 Kf6 47. c6 bxc6 48. Rxc6+ Kg7 49. Ke4 Rf5 50. Ne5 Rxf2 51. Rxg6+ Kh7 52. Rg5 Rxb6 53. Rxh5+ Kg8 54. Rg5+ Bg7 55. Ra8+ Kh7 56. Rh5+ Rh6 57. Rxh6+ Bxh6 58. Ra7 Kg8 59. Rd7 Bg7 60. Nc6 Re2+ 1/2-1/2